|
|
|
|
| LEADER |
01072nam a2200265 a 4500 |
| 001 |
GR-Patra10836 |
| 008 |
991022s1996 enk 000 b eng d |
| 020 |
|
|
|a 1899658106
|
| 020 |
|
|
|a 1899658106
|
| 040 |
|
|
|a GrPaTEI
|b gre
|c GR-PaULI
|
| 245 |
0 |
0 |
|a The European equity markets :
|b the state of the union and an agenda for the millennium.
|
| 260 |
|
|
|a London :
|b Royal institute of international affairs
|a Copenhagen :
|b European capital markets institute,
|c 1996 c1996
|
| 300 |
|
|
|a xxii, 409σ.
|
| 500 |
|
|
|a Bibliography: p.394-399
|
| 650 |
|
0 |
|a EQUITY TRADING
|
| 650 |
|
0 |
|a EUROPEAN EQUITY MARKETS
|
| 650 |
|
0 |
|a EUROPEAN EQUITY MARKETS
|
| 650 |
|
0 |
|a MARKETS
|
| 700 |
1 |
|
|a Stell, Benn
|
| 710 |
0 |
|
|a European capital markets institute
|
| 710 |
0 |
|
|a Royal institute of international affairs
|
| 942 |
|
|
|2 ddc
|
| 952 |
|
|
|0 0
|1 0
|2 ddc
|4 0
|6 341_242200000000000_STE
|7 0
|9 291510
|a LISK
|b LISK
|c BSC
|d 2021-01-17
|e 24
|f 0
|g 0.00
|l 0
|o 341.2422 STE
|p 92410013384
|r 2021-01-17 00:00:00
|t 1
|w 2021-01-17
|y BK15
|x 19991024 0 1
|x GrPaTEI
|
| 971 |
|
|
|a .b26583513
|b 15-04-20
|c 23-09-16
|
| 999 |
|
|
|c 170210
|d 170210
|